00581nam a22002057a 450000100060000000300080000600500170001400800410003103500190007204000260009104100080011708200230012510000280014824500570017625000120023326000420024530000240028750400410031165000230035229897BD-RjUL20211209051458.0140408b xxu||||| b||| 00| 0 eng d a(BD-RjUL)29982 aBD-RjULbengcBD-RjUL aeng04220a155.4bAHC V-11 aAhmad, Mrs. Mehrunnisa.10aChild psychology /cMrs. Mehrunnisa Ahmad.nVolume I a1st ed. aDacca :bFarco's Publications,c1956. ax, 240 p. ;c19 cm. aIncludes bibliographical references. 0aChild psychology.